| 000 | 00947nam a22002297a 4500 | ||
|---|---|---|---|
| 999 |
_c7754 _d7754 |
||
| 003 | AR-CdUCM | ||
| 008 | 190321b ||||| |||| 00| 0 spa d | ||
| 040 |
_aMUNICIPALIDAD PROVINCIAL DEL CUSCO _cBIBLIOTECA MUNICIPAL DEL CUSCO |
||
| 082 |
_a301.19 / _bL54 |
||
| 100 |
_aLévi-Strauss, Claude _93231 |
||
| 245 | _aEl pensamiento salvaje / | ||
| 260 |
_aMéxico D.F. : _bFondo de Cultura Económica, _c1964. |
||
| 300 |
_a413 páginas ; _bláminas, _c17 cm. |
||
| 440 |
_aBreviarios del Fondo Económica _n173 _921906 |
||
| 500 | _aTítulo original: La pensée sauvage | ||
| 505 | _aContenido: La ciencia de lo concreto -- La lógica de las clasificaciones totémicas -- Los sistemas de transformación -- Totem y casta -- El individuo como especie ... | ||
| 650 |
_aSociedad primitiva _914290 |
||
| 650 |
_aHistoria y Dialectica _921907 |
||
| 700 |
_aGonzález Aramburo, Francisco (Traductor) _912975 |
||
| 942 |
_2ddc _cLIBROS |
||
| 945 | _araen | ||